000
00247nam a2200097Ia 4500
001
984004
005
20250826221016.0
008
250824s9999 xx 000 0 und d
245
0
_a
ZAMANIN BEKÇİLERİ
_c
ŞEBNEM PİŞKİN
260
_b
PANAMA YAYINLARI
999
_c
984004
_d
984004